Concursantes OT 2017-2023 - Estadísticas

Estadísticas generales
  • Esta prueba ha sido intentada 457 veces
  • La puntuación promedio es 47 de 64
Estadísticas de respuestas
Hint Respuesta % Correcto
OT2017 Aitana
99%
OT2017 Amaia
98%
OT2017 Miriam
95%
OT2017 Cepeda
94%
OT2017 Mimi
94%
OT2017 Alfred
92%
OT2017 Ana Guerra
92%
OT2023 Naiara
90%
OT2018 Natalia
89%
OT2017 Roi
89%
OT2017 Agoney
88%
OT2018 Alba Reche
88%
OT2018 Famous
85%
OT2023 Juanjo
85%
OT2020 Nia
85%
OT2017 Juan Antonio
84%
OT2023 Martin
84%
OT2023 Chiara
83%
OT2017 Raoul
82%
OT2023 Ruslana
82%
OT2023 Violeta
82%
OT2020 Samantha
81%
OT2017 Nerea
80%
OT2023 Paul
80%
OT2017 Thalia
78%
OT2023 Lucas
77%
OT2018 María
77%
OT2017 Marina
77%
OT2017 Mireya
77%
OT2023 Bea
76%
OT2020 Hugo
76%
OT2020 Eva
75%
OT2018 Miki
75%
OT2017 Ricky
75%
OT2020 Flavio
74%
OT2023 Denna
73%
OT2018 Julia
73%
OT2023 Omar
72%
OT2023 Salma
70%
OT2023 Álex Márquez
69%
OT2023 Suzete
69%
OT2023 Álvaro Mayo
68%
OT2023 Cris
68%
OT2018 Sabela
68%
OT2018 Carlos Right
65%
OT2020 Maialen
64%
OT2018 África
62%
OT2018 Marilia
62%
OT2018 Marta Sango
62%
OT2020 Eli
60%
OT2020 Jesús
59%
OT2020 Ariadna
58%
OT2018 Damion
58%
OT2018 Dave
57%
OT2018 Alfonso
56%
OT2020 Anaju
56%
OT2020 Anne
56%
OT2020 Rafa
56%
OT2020 Gèrard
54%
OT2018 Noelia
52%
OT2020 Nick
51%
OT2020 Javy
49%
OT2020 Bruno
48%
OT2018 Joan Garrido
48%
No se encontraron pruebas coincidentes
Distribución de puntuación
Porcentaje de gente con cada puntuación
Porcentaje por número respondido
Historial de tus puntuaciones
No has intentado esta prueba.